00620nam a2200193Ia 4500003000900000008004100009020001800050040001600068080001600084100003100100245006900131260003900200300001300239650001400252650001500266942000700281999001700288952012100305IN-BaIIA211028s9999 xx 000 0 eng d a81-7023-578-2 cIIA Library a531.19bBHA aBhattacharjee, J. K924852 0aStatistical mechanicsban introductory textcJ. K. Bhattacharjee aNew DelhibAllied Publishersc1996 ax, 242p. aMechanics aStatistics cBK c14122d14122 00104070aBANbBANcGENd2001-06-04g120.00l0o531.19/ BHAp15042r2021-11-05v120.00w2001-06-04yBKGRs. 120.00